Semenárstvo hlavných poľných plodín

Salvato in:
Dettagli Bibliografici
Natura: Libro
Lingua:slovacco
Pubblicazione: Banská Bystrica Dom techniky ČSVTS 1984
Tags: Aggiungi Tag
Nessun Tag, puoi essere il primo ad aggiungerne!!

MARC

LEADER 00000nam a2200000 4500
001 c109605
005 20041019155144.4
041 0 |a slo 
044 |a SK 
245 1 0 |a Semenárstvo hlavných poľných plodín 
264 1 |a Banská Bystrica  |b Dom techniky ČSVTS  |c 1984 
300 |a 205 s.